Biblioteca

Textos para la Acción (Registro nro. 49511)

Detalles MARC
000 -LIDER / CABECERA
fixed length control field 00864nas a2200289Ia 4500
001 - NUMERO DE CONTROL
control field 68
003 - IDENTIFICADOR DEL NUMERO DE CONTROL
control field CO-MdFUSB
005 - FECHA Y HORA DE LA ULTIMA TRANSACCION
control field 20170331160248.0
008 - ELEMENTOS DE LONGITUD FIJA
fixed length control field 151030s9999 pe 000 0 spa d
037 ## - FUENTE DE ADQUISICION
Proveedor Instituto Cristiano de Estudios Sociales
040 ## - FUENTE/ORIGEN DE LA CATALOGACIÓN
Agencia Catalogadora CO-MdFUSB
Lenguaje de catalogación spa
Agencia que realiza la transcripción CO-MdFUSB
Agencia que realiza la modificación CO-MdFUSB
Norma de descripción rda
041 0# - IDIOMA
Código de lengua del texto/banda sonora o título independiente spa
Código de idioma original spa
245 10 - TÍTULO PROPIAMENTE DICHO
Title Textos para la Acción
/ Mención de Responsabilidad Instituto Cristiano de Estudios Sociales
260 ## - • Area De Publicacion, Distribucion, Etc. (Pie de Imprenta) (R)
Place of publication, distribution, etc Lima
264 ## - PRODUCCIÓN, PUBLICACIÓN, DISTRIBUCIÓN, MANUFACTURA, Y COPYRIGHT
Lugar de producción, publicación, distribución, fabricación : Perú :
Nombre del de productor, editor, distribuidor, fabricante, Instituto Cristiano de Estudios Sociales
300 ## - DESCRIPCIÓN FÍSICA
Extent Volumen 3 - 9
Dimensions 21 cm.
310 ## - PERIODICIDAD ACTUAL
Periodicidad actual No aplica
Fecha de comienzo de la periodicidad actual 1995
336 ## - TIPO DE CONTENIDO
Fuente rdacontent
Término de tipo de contenido
Código de tipo de contenido
337 ## - TIPO DE MEDIO
Fuente rdamedia
Nombre del tipo de medio
Código del tipo de medio
338 ## - TIPO DE SOPORTE
Nombre del tipo de soport
362 ## - FECHAS DE PUBLICACIÓN Y/O DESIGNACIÓN SECUENCIAL
Fecha de publicación y/o designación secuencial (Volumen) 1995 - 2001
546 ## - NOTA DE IDIOMA
Nota de idioma Texto en español
650 ## - PUNTO DE ACCESO ADICIONAL DE MATERIA -TÉRMINO DE MATERIA
Subdivisión de forma Publicaciones seriadas
773 ## - ENLACE AL DOCUMENTO FUENTE
Place, publisher, and date of publication Lima, Perú : Instituto Cristiano de Estudios Sociales 1995
810 ## - PUNTO DE ACCESO ADICIONAL DE SERIE - NOMBRE DE ENTIDAD
Tipo de Material Revista
942 ## - ELEMENTOS ADICIONALES (KOHA)
Koha item type Revistas y Fascículos
Source of classification or shelving scheme Dewey Decimal Classification
Estado de la suscripción No aplica
Existencias
Expurgo - (Retirado) Estado de Perdido Estado de Dañado Not for loan Colección Home library Current library Ubicación en Estantería Date acquired Información de volumen - Fascículo Signatura topográfica Barcode Copy number Koha item type
        Colección de Hemeroteca Biblioteca FUSBC Biblioteca FUSBC Hemeroteca 18/01/2005 Volumen 3, Número 3, (1995) R1348 Ej. 1 Revistas y Fascículos
        Colección de Hemeroteca Biblioteca FUSBC Biblioteca FUSBC Hemeroteca 21/06/2010 Volumen 5, Número 8, (1997) R1350 Ej. 1 Revistas y Fascículos
        Colección de Hemeroteca Biblioteca FUSBC Biblioteca FUSBC Hemeroteca 18/01/2005 Volumen 9, Número 15, (2001) R1356 Ej. 1 Revistas y Fascículos
        Colección de Hemeroteca Biblioteca FUSBC Biblioteca FUSBC Hemeroteca 18/01/2005 Volumen 9, Número 14, (2001) R1355 Ej. 1 Revistas y Fascículos
        Colección de Hemeroteca Biblioteca FUSBC Biblioteca FUSBC Hemeroteca 18/01/2005 Volumen 7, Número 12, (1999) R1354 Ej. 1 Revistas y Fascículos
        Colección de Hemeroteca Biblioteca FUSBC Biblioteca FUSBC Hemeroteca 18/01/2005 Volumen 7, Número 11, (1999) R1353 Ej. 1 Revistas y Fascículos
        Colección de Hemeroteca Biblioteca FUSBC Biblioteca FUSBC Hemeroteca 18/01/2005 Volumen 6, Número 10, (1998) R1352 Ej. 1 Revistas y Fascículos
        Colección de Hemeroteca Biblioteca FUSBC Biblioteca FUSBC Hemeroteca 18/01/2005 Volumen 5, Número 9, (1997) R1351 Ej. 1 Revistas y Fascículos
        Colección de Hemeroteca Biblioteca FUSBC Biblioteca FUSBC Hemeroteca 18/01/2005 Volumen 3, Número 4 - 5, (1995) R1349 Ej. 1 Revistas y Fascículos

Biblioteca FUSBC | Teléfono: (57+4) 349 88 10 Ext. 141| WhatsApp (+57) 3005338115 
E-mail: biblioteca@unisbc.edu.co | Calle 76 87-14 Robledo Palenque, Medellín, Colombia

Con tecnología Koha